Flagi państw, ale nordyckie - Statystyki

Ogólne statystyki
  • Ten quiz został rozwiązany 27 razy
    26 od ostatniego zresetowania
  • Średni wynik to 15 z 16
Statystyki odpowiedzi
Obrazkowy Odpowiedź % Poprawnych
Argentyna
100%
Australia
96%
Brazylia
96%
Chiny
96%
Indie
96%
Korea Północna
96%
Korea Południowa
96%
Meksyk
96%
Portugalia
96%
Republika Południowej Afryki
96%
Mongolia
92%
Etiopia
88%
Pakistan
88%
Nepal
83%
Estonia
75%
Japonia
71%
Nie znaleziono quizów pasujących do podanych kryteriów
Rozkład punktacji
Procent ludzi z każdym wynikiem
Percentyl według liczby udzielonych odpowiedzi
Twoja historia wyników
Nie rozwiązałeś tego quizu od ostatniego zresetowania